Top 10 Google Suchbegriffe 2024 - Statistiken

Allgemein
  • Dieses Quiz wurde 8 mal gespielt
  • Das Durchschnittsergebnis liegt bei 2 aus 10
Antwortstatistiken
Position Suchbegriffe % Korrekt
3 US-Wahl
75%
6 Olympia
50%
1 Fußball-EM
13%
10 Liam Payne
13%
9 Solingen
13%
8 Bogenschießen Paralympics
0%
5 Europäische Union Wahlergebnisse
0%
4 Franz Beckenbauer
0%
2 Handball-EM
0%
7 Stefan Raab
0%
Keine übereinstimmenden Quizze gefunden
Verteilung der Resultate
Anzahl Personen mit jedem Resultat
Perzentil nach korrekt beantworteten Fragen
Ihre Resultats-Entwicklung
Sie haben dieses Quiz noch nicht gespielt